|
|
|
|
| LEADER |
00000naa2a2200000 4500 |
| 001 |
387542 |
| 005 |
20231101063622.0 |
| 035 |
|
|
|a (RuTPU)RU\TPU\prd\17295
|
| 090 |
|
|
|a 387542
|
| 100 |
|
|
|a 20030912a2003 k y0rusy50 ca
|
| 101 |
0 |
|
|a rus
|
| 102 |
|
|
|a RU
|
| 200 |
1 |
|
|a Лазер и экономика
|f Г. В. Шепелев
|
| 225 |
1 |
|
|a Вещи и вещества
|
| 461 |
|
1 |
|0 (RuTPU)RU\TPU\prd\1643
|t Химия и жизнь - XXI век
|o научно-популярный журнал
|f ИнформНаука
|d 1996-
|
| 463 |
|
1 |
|0 (RuTPU)RU\TPU\prd\16355
|t № 6
|v С. 22-23
|d 2003
|
| 610 |
1 |
|
|a лазеры
|
| 610 |
1 |
|
|a экономика
|
| 610 |
1 |
|
|a лазерные установки
|
| 610 |
1 |
|
|a применение
|
| 610 |
1 |
|
|a ламповые лазеры
|
| 610 |
1 |
|
|a твёрдотельные лазеры
|
| 610 |
1 |
|
|a генерация излучения
|
| 610 |
1 |
|
|a светодиоды
|
| 700 |
|
1 |
|a Шепелев
|b Г. В.
|
| 801 |
|
1 |
|a RU
|b 63413507
|c 20030912
|g PSBO
|
| 801 |
|
2 |
|a RU
|b 63413507
|c 20120903
|g RCR
|
| 942 |
|
|
|c BK
|